000
00283nam a22001217a 4500
008
170809b xxu||||| |||| 00| 0 eng d
041
_a
eng
080
_a
004
100
_a
35
101
_a
SHKI
245
_a
TI-83 GRAPHING CALCULATOR GUIDEBOOK
_c
TEXAS INSTRUMENTS
942
_2
udc
_c
BK
999
_c
23013
_d
23013